Datum a čas kvízu
23
Celkem bodů
Celkový počet nahraných bodů na tomto kvízu bez doplňovacích otázek.
14.
Pořadí na kvízu
Konečné umístění týmu na tomto kvízu.
Zaznamenané odpovědi
| # | Otázka | Odpověď | Body | Výsledky |
|---|---|---|---|---|
| 1. | Který vysoce postavený český p... | Petr Pavel | 0 | |
| 2. | Většina evropských zemí přešla... | o Libanonu | 1 | |
| 3. | Minulý týden bylo oznámeno, že... | Bohumil Hrabal | 0 | |
| 4. | Která zahraniční společnost, p... | Tesla | 1 | |
| 5. | Za čtyři roky téměř 18 milionů... | Filip Chytil | 1 | |
| 6. | V tomto tématu bude vaším úkol... | Tři veteráni | 0 | |
| 7. | Doplňte slovo, kterým končí zn... | Homolka | 1 | |
| 8. | Seřaďte následující hlášky pod... | 1B 2D 3A 4C | 0 | |
| 9. | Věta „Děda je hodný, ale překá... | Na samotě u lesa, Komárek | 1 | |
| 10. | Pěti slovy dokončete hlášku z... | nebo se z toho zblázníš | 1 |